000 00737nam a2200205 i 4500
001 172343
003 ES-MaACL
005 20250829041800.0
008 090625s1970 sp |||| | spa d
080 _a86 Echegaray, José 1.06
100 1 _aMathias, Julio.
_979039
245 1 0 _aEchegaray /
_cJulio Mathías.
260 _aMadrid :
_bEPESA [Ediciones y Publicaciones Españolas],
_c1970.
300 _a190 p. ;
_c17 cm.
490 1 _aGrandes escritores contemporáneos ;
_v24
600 1 4 _aEchegaray, José,
_d1832-1916-
_xCrítica e interpretación
_946527
830 1 0 _aGrandes escritores contemporáneos (Epesa)
_v24
_9180697
852 4 _aES-MaACL
_jE-12731
_z- Biblioteca Jacinto Martínez Lacalle
999 _c172343
_d172343